00450 2200169 4500001002100000005001500021035002000036245005500056100001100111250001700122300003200139260003500171082001100206084001700217020002200234650002400256INLIS00000000000091520250317101504 a0010-03250000111 aSeri Pengetahuan ICT Mengenal Windows XP /cKasman0 aKasman acetakan ke-1 aiv, 60 hlm :bilus ;c29 cm aJakarta :bGaneca Exact,c2007 a005.43 a005.43 KAS s a978-979-571-399-9 4aTeknologi Informasi